El ánfora del lenguaje : (Registro nro. 43674)
[ vista simple ]
| 000 -CABECERA | |
|---|---|
| campo de control de longitud fija | 00834nam a2200253 a 4500 |
| 001 - NÚMERO DE CONTROL | |
| campo de control | 000044185 |
| 003 - IDENTIFICADOR DEL NÚMERO DE CONTROL | |
| campo de control | DO-SdBNP |
| 005 - FECHA Y HORA DE LA ÚLTIMA TRANSACCIÓN | |
| campo de control | 20240302073953.0 |
| 007 - CAMPO FIJO DE DESCRIPCIÓN FÍSICA--INFORMACIÓN GENERAL | |
| campo de control de longitud fija | ta |
| 008 - DATOS DE LONGITUD FIJA--INFORMACIÓN GENERAL | |
| campo de control de longitud fija | 140605s2008 dr 000 0 spa d |
| 040 ## - FUENTE DE LA CATALOGACIÓN | |
| Centro catalogador/agencia de origen | DO-SdBNP |
| Lengua de catalogación | spa |
| Centro/agencia transcriptor | BNPHU |
| 082 #4 - NÚMERO DE LA CLASIFICACIÓN DECIMAL DEWEY | |
| Número de documento/Ítem | R789a |
| Número de edición | 22 |
| 100 1# - ENTRADA PRINCIPAL--NOMBRE DE PERSONA | |
| Nombre de persona | Rosario Candelier, Bruno, |
| Fechas asociadas al nombre | 1941- |
| 9 (RLIN) | 851 |
| 245 13 - MENCIÓN DE TÍTULO | |
| Título | El ánfora del lenguaje : |
| Resto del título | temas y estudios lexicográficos / |
| Mención de responsabilidad, etc. | Bruno Rosario Candelier. |
| 260 ## - PUBLICACIÓN, DISTRIBUCIÓN, ETC. | |
| Lugar de publicación, distribución, etc. | Santo Domingo : |
| Nombre del editor, distribuidor, etc. | Academia Dominicana de la Lengua, |
| Fecha de publicación, distribución, etc. | 2008. |
| 300 ## - DESCRIPCIÓN FÍSICA | |
| Extensión | 357 p. ; |
| Dimensiones | 23 cm. |
| 490 1# - MENCIÓN DE SERIE | |
| Mención de serie | Por las amenas liras ; |
| Designación de volumen o secuencia | 4 |
| 500 ## - NOTA GENERAL | |
| Nota general | Incluye datos biográficos del autor |
| 590 ## - NOTA LOCAL (RLIN) | |
| Nota local | Inventariado, 2020/ YL |
| 590 ## - NOTA LOCAL (RLIN) | |
| Nota local | La biblioteca posee un ejemplar autográfiado por el autor<br/> |
| 830 #0 - PUNTO DE ACCESO ADICIONAL DE SERIE-TÍTULO UNIFORME | |
| Título uniforme | Por las amenas libras |
| Número de parte o sección de la obra | 4 |
| 9 (RLIN) | 77274 |
| 910 ## - DATOS DE OPCIÓN DEL USUARIO (OCLC) | |
| Datos de opción del usuario | YLockward |
| 942 ## - ELEMENTOS DE PUNTO DE ACCESO ADICIONAL (KOHA) | |
| Fuente del sistema de clasificación o colocación | Dewey Decimal Classification |
| Tipo de ítem Koha | Libro |
| Estado de retiro | Estado de pérdida | Fuente del sistema de clasificación o colocación | Restricciones de uso | No para préstamo | Código de colección | Localización permanente | Ubicación/localización actual | Ubicación en estantería | Fecha de adquisición | Fuente de adquisición | Signatura topográfica completa | Código de barras | Fecha visto por última vez | Precio válido a partir de | Tipo de ítem Koha | Número de copia | Total de préstamos |
|---|---|---|---|---|---|---|---|---|---|---|---|---|---|---|---|---|---|
| Dewey Decimal Classification | Excluido de préstamo | Patrimonio Dominicano | Biblioteca Nacional Pedro Henríquez Ureña | Biblioteca Nacional Pedro Henríquez Ureña | En catalogación | 05.06.2014 | Donación | BNPHU PD R789a | 44185-10 | 25.06.2020 | 25.06.2020 | Libro | |||||
| Dewey Decimal Classification | Excluido de préstamo | Patrimonio Dominicano | Biblioteca Nacional Pedro Henríquez Ureña | Biblioteca Nacional Pedro Henríquez Ureña | En catalogación | 05.06.2014 | Donación | BNPHU PD R789a | 2020-0504 | 17.11.2020 | 25.06.2020 | Libro | e. 2 | ||||
| Dewey Decimal Classification | Préstamo en sala | Dominicana de Servicio | Biblioteca Nacional Pedro Henríquez Ureña | Biblioteca Nacional Pedro Henríquez Ureña | Depósito | 06.12.2018 | Donación | BNPHU DS | 2020-0507 | 17.11.2020 | 25.06.2020 | Libro | e. 3 | ||||
| Dewey Decimal Classification | Préstamo en sala | Dominicana de Servicio | Biblioteca Nacional Pedro Henríquez Ureña | Biblioteca Nacional Pedro Henríquez Ureña | En catalogación | 16.01.2023 | Donación | BNPHU DS R789a | 2023-0155 | 16.01.2023 | 16.01.2023 | Libro | e.4 |
